000 01223nam a22003011 4500
001 instalmentcredit00amer
003 CaSfIA
005 20210118103058.0
007 cr||||
008 770617s1964 nyua 001 0 eng
010 _a 64055415
040 _aDLC
_cMUM
_dDLC
_dBTCTA
_dCaSfIA
035 _a(OCoLC)3048626
050 0 0 _aHF5568
_b.A65 1964
082 4 _a332.7
110 2 _aAmerican Institute of Banking.
245 1 0 _aInstalment credit.
_h[electronic resource]
260 _aNew York
_c[1964]
300 _ax, 378 p.
_billus.
_c24 cm.
650 0 _aInstallment plan.
856 4 1 _uhttp://www.archive.org/details/instalmentcredit00amer
_zFree eBook from the Internet Archive
856 4 2 _uhttp://www.openlibrary.org/books/OL5929915M
_zAdditional information and access via Open Library
029 1 _aAU@
_b000013718002
029 1 _aAU@
_b000026186582
942 _cEB
506 _fНеобхідна авторизація на https://archive.org/ (створення облікового запису безкоштовно)
506 _fНеобхідна авторизація на https://openlibrary.org/ (створення облікового запису безкоштовно)
999 _c511833
_d511833